Concise Oxford textbook of psychiatry / (Record no. 3716)

000 -LEADER
fixed length control field 00776cam a2200253 a 4500
003 - CONTROL NUMBER IDENTIFIER
control field OSt
005 - DATE AND TIME OF LATEST TRANSACTION
control field 20220202123305.0
008 - FIXED-LENGTH DATA ELEMENTS--GENERAL INFORMATION
fixed length control field 960207s1994 enk 001 0 eng
020 ## - INTERNATIONAL STANDARD BOOK NUMBER
International Standard Book Number 0192620312
020 ## - INTERNATIONAL STANDARD BOOK NUMBER
International Standard Book Number 0192620320
040 ## - CATALOGING SOURCE
Transcribing agency DLC
050 00 - LIBRARY OF CONGRESS CALL NUMBER
Classification number RC454
Item number .G38 1994
100 1# - MAIN ENTRY--PERSONAL NAME
Personal name Gelder, Michael G.
245 10 - TITLE STATEMENT
Title Concise Oxford textbook of psychiatry /
Statement of responsibility, etc. Michael Gelder, Dennis Gath, Richard Mayou.
260 ## - PUBLICATION, DISTRIBUTION, ETC.
Place of publication, distribution, etc. Oxford ;
-- New York :
Name of publisher, distributor, etc. Oxford University Press,
Date of publication, distribution, etc. c1994.
300 ## - PHYSICAL DESCRIPTION
Extent 467 p. ;
Dimensions 26 cm.
500 ## - GENERAL NOTE
General note Includes index.
650 #0 - SUBJECT ADDED ENTRY--TOPICAL TERM
Topical term or geographic name entry element Psychiatry.
700 1# - ADDED ENTRY--PERSONAL NAME
Personal name Gath, Dennis.
700 1# - ADDED ENTRY--PERSONAL NAME
Personal name Mayou, Richard.
906 ## - LOCAL DATA ELEMENT F, LDF (RLIN)
a 7
b cbc
c orignew
d 2
e ncip
f 19
g y-gencatlg
942 ## - ADDED ENTRY ELEMENTS (KOHA)
Source of classification or shelving scheme
Koha item type Book
Holdings
Withdrawn status Lost status Source of classification or shelving scheme Damaged status Not for loan Permanent Location Current Location Shelving location Date acquired Source of acquisition Total Checkouts Full call number Barcode Date last seen Price effective from Koha item type Public note Copy number
          AU LIBRARY AU LIBRARY Open Shelf 02.02.2022 DONATION FROM MOI UNIVERSITY   RC454 .G38 1994 28005237 02.02.2022 02.02.2022 Book SM  
          AU LIBRARY AU LIBRARY Open Shelf 18.03.2022 DONATION FROM MOI UNIVERSITY   RC454 .G38 1994 C2 28006015 18.03.2022 18.03.2022 Book SM 2

Powered by Koha